000 01044nam a22002777a 4500
001 8675
003 FISKH
005 20251126092522.0
008 251009b cb ||||| |||| 00| 0 eng d
020 _a9780194234368
040 _aFISKH
_beng
_cFISKH
_dFISKH
050 _aPE1126.A4 B8724
082 _a428.6
100 _aBurrows, Phillip
_eAuthor
245 _aLast chance /
_cPhillip Burrows and Mark Foster
260 _aNew York :
_bOxford University press ,
_c2008
300 _a40 pages :
_bcolor illustrations ;
_c20 cm
490 _aOxford Bookworms
505 _aE
520 _a'How can Mr. Frank be angry now?' thinks Mike happily. His film is good and he is the only cameraman on the volcano. Now he can go home. But then he finds Jenny and she is dying. Rocks start to move and Mike is afraid. Can they get off the volcano alive? And what happens to Mike's camera and film?
521 8 _a230
_bLexile
521 8 _aE
_bRaz-Plus
650 _aEnglish language
_vFiction
942 _2ddc
_cBK
_n0
999 _c8675
_d8675